
Library Catalogue

| 000 -LEADER | |
|---|---|
| fixed length control field | 00439nam a2200157Ia 4500 |
| 008 - FIXED-LENGTH DATA ELEMENTS--GENERAL INFORMATION | |
| fixed length control field | 160316s1994 xxu||||| |||| 00| 0 eng d |
| 082 ## - DEWEY DECIMAL CLASSIFICATION NUMBER | |
| Classification number | 340.070000 |
| Item number | LEB-1 |
| 100 ## - MAIN ENTRY--PERSONAL NAME | |
| Personal name | Le Brun Marlene |
| 245 ## - TITLE STATEMENT | |
| Title | The quiet (R)evolution : Improving student learning in law |
| 250 ## - EDITION STATEMENT | |
| Edition statement | |
| 260 ## - PUBLICATION, DISTRIBUTION, ETC. | |
| Place of publication, distribution, etc. | Melborne |
| Name of publisher, distributor, etc. | Law Book Co |
| Date of publication, distribution, etc. | 1994 |
| 300 ## - PHYSICAL DESCRIPTION | |
| Extent | 412p |
| Other physical details | |
| Dimensions | |
| 365 ## - TRADE PRICE | |
| Price amount | Gratis |
| 650 ## - SUBJECT ADDED ENTRY--TOPICAL TERM | |
| Topical term or geographic name entry element | 1. Law - Study and Teaching |
| 700 ## - ADDED ENTRY--PERSONAL NAME | |
| Personal name | Johnstone Richard |
| -- | |
| Withdrawn status | Lost status | Damaged status | Not for loan | Home library | Current library | Shelving location | Date acquired | Total Checkouts | Full call number | Barcode | Date last seen | Price effective from | Koha item type |
|---|---|---|---|---|---|---|---|---|---|---|---|---|---|
| . | . | 30.05.2017 | 340.07 LEB-1 | 12267 | 30.05.2017 | 30.05.2017 | BOOKs |